Music Quiz

Random Music or Album Quiz
Score 0/24 Timer 08:00
0 Plays Today
% Correct
Lady Gaga (The Fame)
97%
Justin Timberlake (Justified)
93.3%
Beyoncé (Dangerously in Love)
92.7%
Taylor Swift (Taylor Swift)
84.8%
50 Cent (Get Rich or Die Tryin')
81.8%
Adele (19)
79.9%
Alicia Keys (Songs in A Minor)
72%
Kanye West (The College Dropout)
62.7%
Maroon 5 (Songs About Jane)
60.7%
Fall Out Boy (Take This to Your Grave)
60.7%
Coldplay (Parachutes)
59.4%
The Killers (Hot Fuss)
57.1%
% Correct
Norah Jones (Come Away With Me)
55%
Linkin Park (Hybrid Theory)
54.6%
MGMT (Oracular Spectacular)
43%
M.I.A. (Arular)
38.7%
Arctic Monkeys (Whatever People Say I Am...)
35.6%
The xx (xx)
34%
Vampire Weekend (Vampire Weekend)
31.9%
Audioslave (Audioslave)
26.3%
Bon Iver (For Emma, Forever Ago)
25.8%
Arcade Fire (Funeral)
25.5%
Interpol (Turn on the Bright Lights)
18.8%
Fleet Foxes (Fleet Foxes)
17.2%
Remove Ads.
Support Sporcle.
Get the best of Sporcle when you Go Orange. This ad-free experience offers more features, more stats, and more fun while also helping to support Sporcle. Thank you for becoming a member.

You're not logged in!

Compare scores with friends on all Sporcle quizzes.
OR
Log In

Sporcle TV

Today on Sporcle TV


Watch our educational content, quiz creation guides, and fun videos on Sporcle TV.

Show Comments

Extras

Top Quizzes Today


Score Distribution

Paid Content

Your Account Isn't Verified!

In order to create a playlist on Sporcle, you need to verify the email address you used during registration. Go to your Sporcle Settings to finish the process.

Report this User

Report this user for behavior that violates our Community Guidelines.

Details: